[Event "Serbia-ch"]
[Site "Kragujevac"]
[Date "2000.02.20"]
[Round "2"]
[White "Savic, Miodrag R"]
[Black "Randjelovic, Aleksandar"]
[Result "1-0"]
[WhiteElo "2430"]
[BlackElo "2277"]
[PlyCount "85"]
[EventDate "2000.02.19"]
[EventType "swiss"]
[EventRounds "9"]
[EventCountry "YUG"]
[SourceTitle "EXT 2001"]
[Source "ChessBase"]
[SourceDate "2000.11.22"]
[SourceVersion "1"]
[SourceVersionDate "2000.11.22"]
[SourceQuality "1"]

1. e4 c5 2. Nf3 d6 3. Bb5+ Bd7 4. Bxd7+ Qxd7 5. 0-0 Nc6 6. Re1 Nf6 7. c3 e6 8. d3 Be7 9. h3 0-0 10. Nbd2 d5 11. e5 Ne8 12. Qe2 Nc7 13. Nb3 Rae8 14. Bf4 b6 15. a4 a5 16. d4 c4 17. Nbd2 f6 18. b3 cxb3 19. Reb1 Rb8 20. exf6 Rxf6 21. Be5 Rg6 22. Rxb3 Bd6 23. Rab1 Na8 24. Re1 Nxe5 25. Nxe5 Bxe5 26. Qxe5 Rf8 27. Rb5 Qf7 28. Re2 Qf4 29. Qxf4 Rxf4 30. Re3 Rf7 31. c4 Rf4 32. cxd5 Rxd4 33. Nf3 Rd1+ 34. Kh2 Nc7 35. Rxb6 Nxd5 36. Rb8+ Kf7 37. Ne5+ Kf6 38. Rf8+ Ke7 39. Nxg6+ hxg6 40. Ref3 Nf6 41. Ra8 Ne4 42. Ra7+ Ke8 43. Rb3 1-0

[Event "EU-ch U16"]
[Site "Litohoto"]
[Date "1999.09.06"]
[Round "4"]
[White "Randjelovic, Aleksandar"]
[Black "Zivanic, Marko"]
[Result "1/2-1/2"]
[WhiteElo "2236"]
[BlackElo "2300"]
[PlyCount "117"]
[EventDate "1999.09.03"]
[EventType "swiss"]
[EventRounds "9"]
[EventCountry "GRE"]
[SourceTitle "CBM 072 Extra"]
[Source "ChessBase"]
[SourceDate "1999.11.18"]
[SourceVersion "1"]
[SourceVersionDate "1999.11.18"]
[SourceQuality "1"]

1. d4 Nf6 2. c4 e6 3. Nc3 Bb4 4. Nf3 b6 5. e3 Bb7 6. Bd3 c5 7. 0-0 cxd4 8. exd4 0-0 9. Bg5 Be7 10. Qe2 h6 11. Bh4 Nh5 12. Bxe7 Qxe7 13. Qe3 d6 14. Rfe1 Nf6 15. d5 e5 16. Nh4 Bc8 17. Nb5 Ne8 18. Bf5 Nd7 19. Qh3 g6 20. Re3 Ng7 21. Bxg6 fxg6 22. Nxg6 Qf6 23. Nxf8 Nxf8 24. Rf3 Qg6 25. Qg3 Bg4 26. Ra3 Nh5 27. Qh4 Nf4 28. Nxd6 Bd7 29. Rg3 Ne2+ 30. Kf1 Nxg3+ 31. Qxg3 Bg4 32. Qxe5 Rd8 33. Ne4 Nd7 34. Qd4 Rf8 35. Re1 Re8 36. Re3 Kh7 37. Ng5+ hxg5 38. Rxe8 Qxe8 39. Qxg4 Qe7 40. f4 gxf4 41. Qxf4 a5 42. g4 Nc5 43. g5 Qg7 44. Qf5+ Kg8 45. Qc8+ Kh7 46. Qf5+ Kg8 47. g6 Qh6 48. Qf7+ Kh8 49. Qf6+ Kg8 50. Qf7+ Kh8 51. Qh7+ Qxh7 52. gxh7 Kxh7 53. Ke2 Kg6 54. Ke3 Kf5 55. Kd4 Ne4 56. b3 Nd6 57. a3 Kf4 58. b4 Nf5+ 59. Kc3 1/2-1/2

[Event "Wch U16"]
[Site "Oropesa del Mar"]
[Date "1998.11.04"]
[Round "9"]
[White "Randjelovic, Aleksandar"]
[Black "Cawdery, Daniel"]
[Result "0-1"]
[WhiteElo "2215"]
[BlackElo "2125"]
[PlyCount "64"]
[EventDate "1998.10.25"]
[EventType "swiss"]
[EventRounds "11"]
[EventCountry "ESP"]
[SourceTitle "CBM 067 Extra"]
[Source "ChessBase"]
[SourceDate "1999.01.01"]
[SourceVersion "1"]
[SourceVersionDate "1999.01.01"]
[SourceQuality "1"]

1. d4 Nf6 2. c4 g6 3. Nc3 Bg7 4. e4 d6 5. Be2 0-0 6. Nf3 e5 7. d5 a5 8. Bg5 h6 9. Bh4 Qe8 10. Nd2 Nh7 11. 0-0 h5 12. f3 Na6 13. a3 Bd7 14. Kh1 Bh6 15. b3 b6 16. Rb1 f5 17. exf5 Bxf5 18. Nde4 g5 19. Bf2 Qg6 20. Bd3 g4 21. fxg4 hxg4 22. Qc2 Rf7 23. b4 axb4 24. axb4 Raf8 25. c5 Ng5 26. Bg1 Bxe4 27. Nxe4 Nxb4 28. Rxb4 Rxf1 29. Ng3 Rxg1+ 30. Kxg1 e4 31. Nxe4 Nxe4 32. Rxe4 Qxe4 0-1

[Event "Wch U16"]
[Site "Oropesa del Mar"]
[Date "1998.10.26"]
[Round "2"]
[White "Bruzon Batista, Lazaro"]
[Black "Randjelovic, Aleksandar"]
[Result "1-0"]
[WhiteElo "2470"]
[BlackElo "2215"]
[PlyCount "79"]
[EventDate "1998.10.25"]
[EventType "swiss"]
[EventRounds "11"]
[EventCountry "ESP"]
[SourceTitle "CBM 067 Extra"]
[Source "ChessBase"]
[SourceDate "1999.01.01"]
[SourceVersion "1"]
[SourceVersionDate "1999.01.01"]
[SourceQuality "1"]

1. e4 e6 2. d4 d5 3. Nd2 c5 4. Ngf3 Nc6 5. exd5 exd5 6. Bb5 Bd6 7. dxc5 Bxc5 8. Nb3 Bd6 9. 0-0 Nge7 10. Bg5 0-0 11. Re1 Bg4 12. h3 Bh5 13. Bxc6 bxc6 14. Nbd4 Qc7 15. c4 h6 16. Bd2 Rab8 17. Rc1 Rxb2 18. c5 Bh2+ 19. Kh1 Rxd2 20. Qxd2 Bxf3 21. Nxf3 Bf4 22. Rxe7 Bxd2 23. Rxc7 Bxc1 24. Nd4 Rb8 25. g3 Rb1 26. Kg2 Ba3 27. Rxc6 Rc1 28. Nb3 Rc2 29. Kf3 a5 30. Rc8+ Kh7 31. c6 Bc5 32. Nxc5 Rxc5 33. Kf4 Rc2 34. Ke5 d4 35. Kxd4 Kg6 36. Kd5 Kf6 37. a4 Rxf2 38. Kd6 Rd2+ 39. Kc7 Ke7 40. Ra8 1-0

[Event "YUG-ch op"]
[Site "Nis"]
[Date "1998.??.??"]
[Round "5"]
[White "Randjelovic, Aleksandar"]
[Black "Arsovic, Zoran"]
[Result "0-1"]
[WhiteElo "2200"]
[BlackElo "2430"]
[PlyCount "114"]
[EventDate "1998.??.??"]
[EventType "swiss"]
[EventRounds "11"]
[EventCountry "YUG"]
[SourceTitle "EXT 2002"]
[Source "ChessBase"]
[SourceDate "2001.11.25"]
[SourceVersion "1"]
[SourceVersionDate "2001.11.25"]
[SourceQuality "1"]

1. d4 Nf6 2. Nf3 g6 3. c4 Bg7 4. Nc3 0-0 5. e4 d6 6. h3 Na6 7. Bg5 Qe8 8. e5 dxe5 9. dxe5 Nd7 10. Qe2 f6 11. exf6 exf6 12. Qxe8 Rxe8+ 13. Be3 Bh6 14. Kd2 Bxe3+ 15. fxe3 c6 16. g4 Ne5 17. Nxe5 Rxe5 18. Bd3 Nc5 19. Rhf1 Be6 20. Rf4 Kg7 21. Raf1 Rd8 22. Rd4 Re8 23. Rf3 h5 24. gxh5 Rxh5 25. Ne4 Nxe4+ 26. Rxe4 f5 27. Rd4 c5 28. Rd6 Kf6 29. b4 cxb4 30. c5 Ke5 31. Rg3 Rh6 32. Rd4 a5 33. Bc4 Bxc4 34. Rxc4 Rc8 35. e4 Rd8+ 36. Kc2 fxe4 37. Rg4 Rxh3 38. Rcxe4+ Kf6 39. Rgf4+ Kg5 40. Rg4+ Kh5 41. Rg2 Rc8 42. Re7 Rxc5+ 43. Kb2 Kh6 44. Rxb7 Rc6 45. Ra7 Rh5 46. a3 bxa3+ 47. Kxa3 Rf5 48. Ka4 g5 49. Rh2+ Kg6 50. Rah7 Rc4+ 51. Kb3 Rb4+ 52. Ka3 Rf3+ 53. Ka2 Rf2+ 54. Rxf2 Kxh7 55. Rf5 Kg6 56. Rxa5 Kh5 57. Ka3 Rb6 0-1

[Event "EU-ch U16"]
[Site "Mureck"]
[Date "1998.??.??"]
[Round "1"]
[White "Randjelovic, Aleksandar"]
[Black "Gurevich, Artjom"]
[Result "1/2-1/2"]
[WhiteElo "2215"]
[BlackElo "2045"]
[PlyCount "101"]
[EventDate "1998.07.08"]
[EventType "swiss"]
[EventRounds "9"]
[EventCountry "AUT"]
[SourceTitle "CBM 065 Extra"]
[Source "ChessBase"]
[SourceDate "1998.09.09"]
[SourceVersion "1"]
[SourceVersionDate "1998.09.09"]
[SourceQuality "1"]

1. d4 Nf6 2. Nf3 e6 3. c4 b6 4. e3 Bb7 5. Bd3 Be7 6. 0-0 0-0 7. Nc3 c5 8. d5 d6 9. e4 e5 10. Ne1 Nbd7 11. f4 exf4 12. Bxf4 Ne5 13. Bxe5 dxe5 14. Nf3 Bd6 15. Nb5 Bc8 16. Qd2 h6 17. Nh4 a6 18. Nxd6 Qxd6 19. Rf3 Nh5 20. Raf1 Nf4 21. g3 Nh3+ 22. Kh1 Ng5 23. R3f2 Nh3 24. Rf3 Bg4 25. Nf5 Bxf3+ 26. Rxf3 Qd7 27. Rf1 f6 28. Be2 Ng5 29. Bg4 Qb7 30. h4 Nf7 31. Qf2 g6 32. Ne3 Nd6 33. Be6+ Kg7 34. Qf3 h5 35. g4 hxg4 36. Qxg4 Rh8 37. Kg2 Rh6 38. Rxf6 Kxf6 39. Qg5+ Kg7 40. Qxe5+ Kh7 41. Qxd6 Qg7 42. e5 Rf8 43. Qd7 Rxh4 44. Ng4 Rxg4+ 45. Bxg4 Rf7 46. Qd6 Qh6 47. e6 Qd2+ 48. Kh3 Qh6+ 49. Kg2 Qd2+ 50. Kh3 Qh6+ 51. Kg2 1/2-1/2